Producción de trigo doble propósito: efecto de la variedad, defoliación y fecha de siembra /
Guardado en:
| Autor Principal: | |
|---|---|
| Autor Corporativo: | |
| Otros Autores: | |
| Formato: | Libro |
| Idioma: | Spanish |
| Publicado: |
Bahía Blanca,
2004.
|
| Etiquetas: |
Agregar Etiqueta
Sin Etiquetas, Sea el primero en etiquetar este registro!
|
| LEADER | 00714nam a22001695a 4500 | ||
|---|---|---|---|
| 001 | EEA.libagro007397 | ||
| 005 | 20180522111625.0 | ||
| 008 | 130809s2004####ag#a##########000#0#spa#d | ||
| 082 | 0 | 4 | |a 633.11 |
| 100 | 1 | |a Sanza, Rodrigo. | |
| 245 | 1 | 0 | |a Producción de trigo doble propósito: efecto de la variedad, defoliación y fecha de siembra / |c Rodrigo Sanza. |
| 260 | |a Bahía Blanca, |c 2004. | ||
| 300 | |a 33 h. : |b il. ; |c 30 cm. | ||
| 500 | |a Trabajo de intensificación (Ingeniero Agrónomo) -- Universidad Nacional del Sur. Departamento de Agronomía, 2004. | ||
| 700 | 1 | |a Merchán, Daniel, |e tutor. | |
| 710 | 2 | |a Universidad Nacional del Sur. |b Departamento de Agronomía. | |
| 859 | |a AR-BbBCA |b BIB. AGRONOMIA |h 633.11 |i S338 |p 2005/4768 | ||
